000 00982nas a2200301 4500
001 BR2012002711
003 BR-BrBNA
005 20231205120448.0
007 ta
008 230509b bl.|||p| |||| 00| 00por d
040 _aBR-BrBNA
_bpor
_cBiblioteca Nacional de Agricultura
041 _a(Pt)
072 _aL40
100 1 _aQueiroz, P.V.S.
100 1 _aMoura, C.E.B.
100 1 _aLucena, J.A.
100 1 _aOliveira, M.F.
100 1 _aAlbuquerque, J.F.G.
245 1 _aArtérias mesentéricas cranial e caudal em mocós Kerodon rupestris (Wied, 1820)
246 1 _aCranial and caudal mesenteric arteries in rock cavy Kerodon rupestris (Wied, 1820)
650 _aMOCÓ
650 _aKERODON RUPESTRIS
650 _aARTÉRIA MESENTÉRICA
650 _aANATOMIA ANIMAL
773 0 _tPesquisa Veterinária Brasileira (Brazil)
_xISSN 0100-736X
_g(Jul 2011), v. 31(7) p. 623-626
_wBR2012002711
909 _a202311
_bLúcia
_c55
_dLúcia Elande
942 _2AGRIS
_n0
_cANA
999 _c218628
_d218628